00757nam a2200217Ia 4500003000400000005001700004008004000021020001800061040000700079041001200086082001500098100002600113245008300139260004400222300001200266690003100278906001100309942001200320999001900332952018800351OSt20250816095024.0210210b2009 xxu||||| |||| 00| 0 eng d a9788120326187 cAL aEnglish a321.8 HOOP aSteven J Hood9219614 aPolitical development and democratic theoryb: rethinking comparative politics aNew DelhibPHI Learning Pvt. Ltd.c2009 axi,175p aModern Governments9219616 a067863 2ddccBK c152174d152174 00102ddc40708Political ScienceaALbALcSKd2021-02-17ePrajwal Book Distributors, Bangalore-560061g195.00l1o321.8 HOOPp067863r2026-03-28 09:39:09s2025-07-22w2021-02-17yBK